<An> Analysis of indirect mortality estimation

Guardado en:
Detalles Bibliográficos
Autor principal: Arthur, W.Brian
Otros Autores: Stoto, M.A
Formato: Libro
Lenguaje:inglés
Publicado: Laxenberg International Institute for Applied Systems Analysis 1984
Etiquetas: Agregar Etiqueta
Sin Etiquetas, Sea el primero en etiquetar este registro!

MARC

LEADER 00000nam a2200000 4500
001 c114868
005 20041019155159.8
041 0 |a eng 
044 |a AT 
245 1 0 |a <An> Analysis of indirect mortality estimation  |c W.Brian Arthur, M.A. Stoto 
264 1 |a Laxenberg  |b International Institute for Applied Systems Analysis  |c 1984 
300 |a S. 301-313 
500 |a Separát z: Population Studies, Vol. 37 (1983) 
100 1 |a Arthur, W.Brian 
700 1 |a Stoto, M.A.